Theory of Computation (Record no. 21538)

MARC details
000 -LEADER
fixed length control field 00309nam a22001337a 4500
008 - FIXED-LENGTH DATA ELEMENTS--GENERAL INFORMATION
fixed length control field 250926b |||||||| |||| 00| 0 eng d
020 ## - INTERNATIONAL STANDARD BOOK NUMBER
ISBN 978-81-265-3311-4
100 ## - MAIN ENTRY--AUTHOR NAME
Personal name K. Mahesh
245 ## - TITLE STATEMENT
Title Theory of Computation
260 ## - PUBLICATION, DISTRIBUTION, ETC. (IMPRINT)
Place of publication New Delhi
Name of publisher Wiley
Year of publication 2017
300 ## - PHYSICAL DESCRIPTION
Number of Pages 342
650 ## - SUBJECT ADDED ENTRY--TOPICAL TERM
Topical Term CSE
942 ## - ADDED ENTRY ELEMENTS (KOHA)
Source of classification or shelving scheme Dewey Decimal Classification
Koha item type Books
Holdings
Accession Number Cost, normal purchase price Bill Date Source of acquisition Price effective from Koha item type Withdrawn / writtenoff status Damaged status Not for loan Permanent Location Current Location Shelving location Date acquired Lost/ Missing status department
BE 25174 829.00 08-09-2025 ABD Publisher 09/26/2025 Books     Not For Loan MIET Library, Jammu MIET Library, Jammu 169/5 09/08/2025   BE
BE 25175 829.00 08-09-2025 ABD Publisher 09/26/2025 Books       MIET Library, Jammu MIET Library, Jammu 27/4 09/08/2025   BE
BE 25176 829.00 08-09-2025 ABD Publisher 09/26/2025 Books       MIET Library, Jammu MIET Library, Jammu 27/4 09/08/2025   BE
BE 25177 829.00 08-09-2025 ABD Publisher 09/26/2025 Books       MIET Library, Jammu MIET Library, Jammu 27/4 09/08/2025   BE
BE 25178 829.00 08-09-2025 ABD Publisher 09/26/2025 Books       MIET Library, Jammu MIET Library, Jammu 27/4 09/08/2025   BE